Normal view
MARC view
- Arthur Mattuck
Entry Personal Name
001 - CONTROL NUMBER
- control field: 14792
003 - CONTROL NUMBER IDENTIFIER
- control field: NUST
005 - DATE AND TIME OF LATEST TRANSACTION
- control field: 20190613080038.0
008 - FIXED-LENGTH DATA ELEMENTS
- fixed length control field: 190613|| aca||aabn | a|a d
040 ## - CATALOGING SOURCE
- Original cataloging agency: NUST
- Transcribing agency: NUST
100 ## - HEADING--PERSONAL NAME
- Personal name: Arthur Mattuck
670 ## - SOURCE DATA FOUND
- Source citation: Work cat.: (NUST): Arthur Mattuck , Introduction to Analysis , 1999
